| 000 | 00725nam a2200205 a 4500 | ||
|---|---|---|---|
| 003 | 0 | ||
| 005 | 20250618130053.0 | ||
| 008 | 021121s19uu xx 00 eng d | ||
| 050 |
_aPGS HQ 784.P6 _b.Av946 2000 |
||
| 100 | _aAvante, Roland Azriel M. | ||
| 245 |
_aCellular phone usage of grade 6 students / _cRoland Azriel M. Avante. |
||
| 260 |
_aLas PiƱas City, Philippines : _bSouthville International School and Colleges, _c2000. |
||
| 300 |
_aUnpaged : _billustrations ; _c28 cm. |
||
| 504 | _aIncludes bibliographical references. | ||
| 650 |
_aCell phones _vSocial aspects. |
||
| 650 | _aMobile communication systems. | ||
| 650 |
_aDigital media _vUse studies. |
||
| 650 |
_aChildren _vAttitudes. |
||
| 942 |
_2lcc _cPASS |
||
| 999 |
_c96304 _d96304 |
||